الخمسمائة عام القادمة : (Record no. 6636)
[ view plain ]
| 000 -الفاتح | |
|---|---|
| حقل البيانات ثابتة الطول | 00985nac a22002051u 4500 |
| 008 - عناصر البيانات ثابتة الطول - معلومات عامة | |
| حقل البيانات ثابتة الطول | 101025s2000 xxu||||| |||| 00| 0 ara d |
| 082 ## - رقم تصنيف ديوى العشرى | |
| رقم التصنيف | 303.49 |
| رقم المادة | ب ي ر |
| 100 1# - المدخل الرئيسى - إسم شخصى | |
| الإسم الشخصى | بيري ، أدريان |
| 9 (RLIN) | 20600 |
| 110 ## - المدخل الرئيسى - إسم هيئة | |
| اسم الهيئة أو اسم السلطة كمدخل | Al Mogamaa Al Thakafey |
| 9 (RLIN) | 20602 |
| 245 ## - بيان العنوان | |
| العنوان | الخمسمائة عام القادمة : |
| بقية العنوان | الحياة في الألفية القادمة / |
| بيان المسئوليه,etc | أدريان بيري ؛ ترجمة عثمان أحمد عبد الرحيم ؛ مراجعة محمد عطا المنان |
| 260 ## - PUBLICATION, DISTRIBUTION, ETC. (IMPRINT) | |
| مكان الناشر او الموزع | أبوظبي : |
| اسم الناشر او الموزع | المجمع الثقافي ،2000 |
| تاريخ النشر أو التوزيع | 2000. |
| 300 ## - الوصف المادى | |
| التعداد | 325ص ؛ |
| أبعاد الوعاء | 24 سم. |
| 500 ## - تبصرة عامة | |
| تبصرة عامة | ترجمة لكتاب "The Next 500 Years" |
| 511 ## - | |
| -- | Catalogued by: Sara |
| 541 ## - تبصرة المصدر المباشر للتزويد | |
| مصدر التزويد | إهداء ؛ |
| طريقة التزويد | مكتبة الإسكندرية ؛ |
| 650 ## - المدخل الاضافى بالموضوع-مصطلح موضوعى | |
| مصطلح موضوعي أو اسم جغرافي كعنصر مدخل | التوقعات المستقبلية |
| 9 (RLIN) | 20601 |
| 700 ## - المدخل الاضافى - اسم شخصى | |
| الإسم الشخصى | عبد الرحيم ، عثمان أحمد |
| 9 (RLIN) | 20605 |
| الدور | ترجمة |
| 700 ## - المدخل الاضافى - اسم شخصى | |
| الإسم الشخصى | المنان ، محمد عطا |
| 9 (RLIN) | 20606 |
| الدور | مراحعة |
| 942 ## - عناصر المدخل الإضافي( كوها) | |
| Koha [default] item type | Book - Borrowing |
| سابقة رقم الطلب | 303.49 ب ي ر |
| مصدر التصنيف او مخطط الترفيف | Dewey Decimal Classification |
| حالة التراجع | حالة الفقد | مصدر التصنيف او خطة الترفيف | حالة تلف | ليس للاعارة | مجموعات كوها | المكان الدائم | المكان الحالي | موقع الترفيف | تاريخ الاكتساب | Source of acquisition | رقم الاستدعاء | الباركود | Date last seen | مُعار | نوع الوعاء |
|---|---|---|---|---|---|---|---|---|---|---|---|---|---|---|---|
| Dewey Decimal Classification | Donation-Gift | Central Library | Central Library | First floor | 22/12/2010 | 303.49 ب ي ر | 000008097 | 15/07/2025 | 10/04/2014 | Book - Borrowing |